| 000 | 00707nam a2200217 i 4500 | ||
|---|---|---|---|
| 001 | 78718 | ||
| 003 | ES-MaACL | ||
| 005 | 20230906173807.0 | ||
| 007 | t| | ||
| 008 | 041015s1957 sp ||||1| spa d | ||
| 100 | 1 |
_aHawthorne, Nathaniel. _962176 |
|
| 245 | 1 | 3 |
_aLa letra escarlata / _cNathaniel Hawthorne ; [traducción de María Dolores García-Lomas]. |
| 260 |
_aBarcelona : _bMateu, _c[1957] ( _fSaturno) |
||
| 490 | 1 | _aLa pluma | |
| 505 | 8 | _aContiene además con portada propia: El Palacio de Circe: relato | |
| 700 | 1 |
_aGarcía-Lomas, María Dolores. _954834 |
|
| 740 | 3 | _aEl Palacio de Circe. | |
| 830 | 0 |
_aLa pluma _9183299 |
|
| 852 |
_aES-MaACL _jC-14417 _bR.40757 |
||
| 999 |
_c78718 _d78718 |
||